गोपुली गफूरन / (Record no. 113919)

MARC details
000 -LEADER
fixed length control field 01026nam a22002777a 4500
003 - CONTROL NUMBER IDENTIFIER
control field dpl
005 - DATE AND TIME OF LATEST TRANSACTION
control field 20180910131830.0
008 - FIXED-LENGTH DATA ELEMENTS--GENERAL INFORMATION
fixed length control field 180910b xxu||||| |||| 00| 0 eng d
010 ## - LIBRARY OF CONGRESS CONTROL NUMBER
LC control number A-514905
020 ## - INTERNATIONAL STANDARD BOOK NUMBER
Terms of availability 55.00
035 ## - SYSTEM CONTROL NUMBER
System control number A-514905, A-514917
037 ## - SOURCE OF ACQUISITION
Source of stock number/acquisition Cen Lib/Ret
040 ## - CATALOGING SOURCE
Original cataloging agency DPL
Language of cataloging HN
Transcribing agency 0
082 ## - DEWEY DECIMAL CLASSIFICATION NUMBER
Classification number
Item number मटिया
100 ## - MAIN ENTRY--PERSONAL NAME
Personal name मटियान, शैलेश
9 (RLIN) 54432
245 ## - TITLE STATEMENT
Title गोपुली गफूरन /
Statement of responsibility, etc शैलेश मटियानी
246 ## - VARYING FORM OF TITLE
Title proper/short title Gopuli gaphuran /
Remainder of title by Shailesh Matiyani
260 ## - PUBLICATION, DISTRIBUTION, ETC. (IMPRINT)
Name of publisher, distributor, etc विभा प्रकाशन
Place of publication, distribution, etc इलाहाबाद
Date of publication, distribution, etc 1990
270 ## - ADDRESS
City इलाहाबाद
Address 50, चाह्च्नद
300 ## - PHYSICAL DESCRIPTION
Extent 204पृ.
Dimensions 16सेमी(सजिल्द )
650 ## - SUBJECT ADDED ENTRY--TOPICAL TERM
Topical term or geographic name as entry element हिंदी साहित्य
General subdivision
Geographic subdivision
9 (RLIN) 54433
650 ## - SUBJECT ADDED ENTRY--TOPICAL TERM
Topical term or geographic name as entry element हिंदी उपन्यास
9 (RLIN) 54434
650 ## - SUBJECT ADDED ENTRY--TOPICAL TERM
Topical term or geographic name as entry element Hindi literature
9 (RLIN) 54435
650 ## - SUBJECT ADDED ENTRY--TOPICAL TERM
Topical term or geographic name as entry element Hindi fiction
9 (RLIN) 27248
942 ## - ADDED ENTRY ELEMENTS (KOHA)
Source of classification or shelving scheme Dewey Decimal Classification
Koha item type Hindi Books
Classification part
Call number suffix मटिया
Holdings
Withdrawn status Lost status Damaged status Not for loan Home library Current library Date acquired Source of acquisition Cost, normal purchase price Total Checkouts Total Renewals Full call number Barcode Date last seen Date checked out Copy number Cost, replacement price Price effective from Koha item type Source of classification or shelving scheme Collection code
        Central Library Central Library 13/08/2015 Cen Lib/Ret 55.00 2 4 उ मटिया A-514905 06/03/2024 09/02/2024 1 55.00 13/08/2015 Hindi Books    
        Shahdara Branch Shahdara Branch 10/09/2018 BPPD/PUB 55.00     उ मटिया A-514917 10/09/2018     55.00 10/09/2018 Hindi Books Dewey Decimal Classification Fiction

© Delhi Public Library
Hit Counter
free hit counter